000 00546nam a22001697a 4500
003 OSt
005 20240927005057.0
008 240927b |||||||| |||| 00| 0 eng d
040 _c0
082 _aDPer 050 R22 2000 January-May 2023 v123 no. 719-723
100 _a kallinger, Michael.
_eauthor.
_961726
245 _aThe magic of music /
_cMichael kallinger.
260 _aTaipei ;
_bReader's Digest Asia,
_cMay 2023.
300 _aVolume 123, pages 68-73 ,
_billustration.
700 _a kallinger, Michael.
_eauthor.
_961726
942 _2ddc
_cPER
999 _c21950
_d21950